LIBRARY & INFORMATION CENTRE, KCAET, TAVANUR

ONLINE PUBLIC ACCESS CATALOGUE (OPAC)

Races of mankind / (Record no. 5218)

MARC details
000 -LEADER
fixed length control field 00362cam a2200145ua 4500
041 ## - LANGUAGE CODE
Language code of text/sound track or separate title eng
082 ## - DEWEY DECIMAL CLASSIFICATION NUMBER
Classification number 305.8
Item number NES/RA
100 ## - MAIN ENTRY--AUTHOR NAME
Personal name Nesterkh, M .
245 ## - TITLE STATEMENT
Title Races of mankind /
260 ## - PUBLICATION, DISTRIBUTION, ETC. (IMPRINT)
Place of publication Moscow :
Name of publisher Foreign Language Publishing House ,
Year of publication 1962.
300 ## - PHYSICAL DESCRIPTION
Number of Pages 108 ; .
942 ## - ADDED ENTRY ELEMENTS (KOHA)
Koha item type Books
Holdings
Withdrawn status Lost status Damaged status Home library Current library Date acquired Full call number Accession Number Koha item type
Withdrawn     KAUAET KAUAET 07/04/2012 305.8 4803 Books
free website counter